Christian morality & you : (Record no. 15085)
[ view plain ]
| 000 -LEADER | |
|---|---|
| fixed length control field | 00897nam a2200289 i 4500 |
| 001 - CONTROL NUMBER | |
| control field | 344626 |
| 003 - CONTROL NUMBER IDENTIFIER | |
| control field | OSt |
| 005 - DATE AND TIME OF LATEST TRANSACTION | |
| control field | 20140310182648.0 |
| 008 - FIXED-LENGTH DATA ELEMENTS--GENERAL INFORMATION | |
| fixed length control field | 760730s1976 inua 000 0 eng |
| 010 ## - LIBRARY OF CONGRESS CONTROL NUMBER | |
| LC control number | 76015218 |
| 020 ## - INTERNATIONAL STANDARD BOOK NUMBER | |
| Terms of availability | $3.50 |
| 040 ## - CATALOGING SOURCE | |
| Original cataloging agency | DLC |
| Transcribing agency | DLC |
| Modifying agency | DLC |
| 050 00 - LIBRARY OF CONGRESS CALL NUMBER | |
| Classification number | BJ 1249 |
| Item number | .F513 1976 |
| 082 00 - DEWEY DECIMAL CLASSIFICATION NUMBER | |
| Classification number | M 241.042 |
| Item number | F49 1976 |
| 100 1# - MAIN ENTRY--PERSONAL NAME | |
| Personal name | Finley, James. |
| 245 10 - TITLE STATEMENT | |
| Title | Christian morality & you : |
| Remainder of title | right & wrong in an age of freedom / |
| Statement of responsibility, etc | Finley, James |
| 260 ## - PUBLICATION, DISTRIBUTION, ETC. (IMPRINT) | |
| Place of publication, distribution, etc | Notre Dame, Ind. : |
| Name of publisher, distributor, etc | Ave Maria Press, |
| Date of publication, distribution, etc | c1976. |
| 300 ## - PHYSICAL DESCRIPTION | |
| Extent | 191 p. : |
| Other physical details | ill. ; |
| Dimensions | 23 cm. |
| 521 ## - TARGET AUDIENCE NOTE | |
| Target audience note | |
| 526 ## - STUDY PROGRAM INFORMATION NOTE | |
| Reading level | 1210L to 1700L |
| 541 ## - IMMEDIATE SOURCE OF ACQUISITION NOTE | |
| -- | 1 |
| 562 ## - COPY AND VERSION IDENTIFICATION NOTE | |
| Number of copies | for circulation. 1 copy available in the collection |
| 650 #0 - SUBJECT ADDED ENTRY--TOPICAL TERM | |
| Topical term or geographic name as entry element | Christian ethics |
| General subdivision | Catholic authors. |
| 700 1# - ADDED ENTRY--PERSONAL NAME | |
| Personal name | Pennock, Michael, |
| Relator term | joint author. |
| 906 ## - LOCAL DATA ELEMENT F, LDF (RLIN) | |
| a | 7 |
| b | cbc |
| c | orignew |
| d | 2 |
| e | ocip |
| f | 19 |
| g | y-gencatlg |
| 942 ## - ADDED ENTRY ELEMENTS (KOHA) | |
| Source of classification or shelving scheme | Library of Congress Classification |
| Koha item type | Books |
| Call number prefix | |
| Withdrawn status | Lost status | Source of classification or shelving scheme | Damaged status | Home library | Current library | Shelving location | Date acquired | Source of acquisition | Total Checkouts | Total Renewals | Full call number | Barcode | Date last seen | Date checked out | Copy number | Price effective from | Koha item type |
|---|---|---|---|---|---|---|---|---|---|---|---|---|---|---|---|---|---|
| Library of Congress Classification | Archives | Archives | 04/18/2012 | Donation | 1 | 11 | BJ 1249 .F513 1976 | C2123 | 05/15/2018 | 08/04/2017 | 1 | 04/18/2012 | Books |